| Tag |
First Indicator |
Second Indicator |
Subfields |
| LEADER |
00000cas a2200000Ia 4500 |
| 001 |
in00000387321 |
| 005 |
20190207094149.0 |
| 008 |
780619d19391950txumr p 0 a0eng d |
| 035 |
|
|
|a (OCoLC)ocm03985229
|
| 040 |
|
|
|a ILU
|c ILU
|d TXA
|d UtOrBLW
|
| 043 |
|
|
|a n-us-tx
|
| 049 |
|
|
|a TXAM
|
| 090 |
|
|
|a S544.3.T4
|b T26
|
| 245 |
0 |
4 |
|a The extensioner.
|
| 264 |
|
1 |
|a College Station :
|b Extension service of the Agricultural and Mechanical College of Texas,
|c 1939-1950.
|
| 300 |
|
|
|a volumes :
|b illustrations ;
|c 30 cm.
|
| 310 |
|
|
|a Monthly
|
| 336 |
|
|
|a text
|b txt
|2 rdacontent
|
| 337 |
|
|
|a unmediated
|b n
|2 rdamedia
|
| 338 |
|
|
|a volume
|b nc
|2 rdacarrier
|
| 362 |
0 |
|
|a Vol. 26, no. 1 (Nov. 1939)-1950?.
|
| 500 |
|
|
|a The Cushing Library/Chapman Texas Collection copy is part of the Floyd & Louise Chapman Texas & Borderlands Collection.
|5 TXA
|
| 500 |
|
|
|a Also available on 35 mm. microfilm.
|
| 550 |
|
|
|a Published in cooperation with the U.S. Dept. of Agriculture.
|
| 650 |
|
0 |
|a Agriculture
|z Texas
|v Periodicals.
|
| 650 |
|
0 |
|a Agricultural extension work
|z Texas
|v Periodicals.
|
| 710 |
2 |
|
|a Texas Agricultural Extension Service.
|
| 710 |
2 |
|
|a Agricultural and Mechanical College of Texas.
|
| 710 |
1 |
|
|a United States.
|b Department of Agriculture.
|
| 780 |
0 |
0 |
|t Extension service news
|w (OCoLC)16349930
|
| 994 |
|
|
|a E0
|b TXA
|
| 999 |
|
|
|a MARS
|
| 999 |
f |
f |
|s d4626d27-73dc-3090-adc6-b07bab8f8433
|i 25d1fc7c-33e7-3c3a-8036-d905ff235654
|t 0
|
| 952 |
f |
f |
|p default
|a Texas A&M University
|b College Station
|c Sterling C. Evans Library
|d Evans: Microforms (3rd floor)
|t 0
|e film S 843
|h Other scheme
|i unmediated -- volume
|
| 952 |
f |
f |
|p noncirc
|a Texas A&M University
|b College Station
|c Cushing Memorial Library & Archives
|d Cushing: Chapman Texas Collection (Does not check out)
|t 0
|e S544.3.T4 T26
|h Library of Congress classification
|i unmediated -- volume
|
| 952 |
f |
f |
|a Texas A&M University
|b College Station
|c Sterling C. Evans Library
|d Evans: Library Stacks
|t 0
|e S544.3.T4 T26
|h Library of Congress classification
|
| 998 |
f |
f |
|a S544.3.T4 T26
|s v.26:no.1 (1939:Nov.)-v.36:no.12 (1950:Oct.)
|t 0
|l Cushing: Chapman Texas Collection (Does not check out)
|
| 998 |
f |
f |
|a S544.3.T4 T26
|s v.26 (1939/1940)-v.36 (1950)
|t 0
|l Evans: Library Stacks
|
| 998 |
f |
f |
|a film S 843
|s v. 26 (1939/1940)-v.36 (1949/1950)
|t 0
|l Evans: Microforms (3rd floor)
|